Mathematics for CBSE Class X/ (Record no. 191749)

MARC details
000 -LEADER
fixed length control field 00574nam a22001817a 4500
005 - DATE AND TIME OF LATEST TRANSACTION
control field 20220901162847.0
010 ## - LCCN (DPL NO)
LC control number ENG-134877
020 ## - INTERNATIONAL STANDARD BOOK NUMBER
International Standard Book Number 9789389211696
Terms of availability 800.00
035 ## - SYSTEM CONTROL NUMBER
System control number EN-118409
037 ## - SOURCE OF ACQUISITION
Source of stock number/acquisition DBAD/PUB
082 ## - DEWEY DECIMAL CLASSIFICATION NUMBER
Classification number 510
100 ## - MAIN ENTRY--PERSONAL NAME
Personal name Gulati, Tarun
245 ## - TITLE STATEMENT
Title Mathematics for CBSE Class X/
Statement of responsibility, etc Tarun Gulati
260 ## - PUBLICATION, DISTRIBUTION, ETC. (IMPRINT)
Place of publication, distribution, etc Hyderabad
Name of publisher, distributor, etc Universities Press India Private Limited
Date of publication, distribution, etc 2022
270 ## - ADDRESS
City Hyderabad
Address 3-6-747/1/A & 3-6-754/I, Himayatnagar
Postal code 500029
Electronic mail address info@universititespress.com
300 ## - PHYSICAL DESCRIPTION
Extent vp.
Dimensions 24cm(pbk)
942 ## - ADDED ENTRY ELEMENTS (KOHA)
Source of classification or shelving scheme Dewey Decimal Classification
Item type English Books
Classification part 510
Call number suffix GUL
Holdings
Withdrawn status Lost status Not for loan Collection code Home library Current library Date acquired Source of acquisition Cost, normal purchase price Full call number Barcode Copy number Cost, replacement price Koha item type
      Non-fiction Shahdara Branch Shahdara Branch 01/09/2022 DBAD/PUB 800.00 510 GUL EN-118409 1 800.00 English Books

© Delhi Public Library
Hit Counter
free hit counter